Statistiques concernant Quiz sur le Danemark

Cliquez ici pour prendre le quiz!

Statistiques générales

  • Ce quiz a été pris 4 787 fois
  • Le résultat moyen est 11 sur 20

Statistiques - réponses

QuestionRéponse% Correct
Capitale et ville la plus peupléeCopenhague
99%
Seul pays européen frontalierAllemagne
94%
Mers qui bordent le DanemarkMer du Nord
93%
Autres pays constitutifs du Danemark
(à part le Danemark en tant que tel)
Groenland
84%
Mers qui bordent le DanemarkMer Baltique
80%
Jouet danois à base d'assemblage
de briques colorées emboîtables
Lego
76%
Devise monétaireCouronne
74%
Autres pays constitutifs du Danemark
(à part le Danemark en tant que tel)
Îles {Féroé}
71%
Explorateur qui a donné son nom au
détroit entre la Sibérie et l'Alaska
Vitus Béring
63%
Personnage de celui-ci qui possède
une statue dans le port de la capitale
La Petite Sirène
60%
Pièce de Shakespeare qui met en
scène un Prince de Danemark
Hamlet
54%
Conteur danois du XIXèmesiècle
qui a écrit Le Vilain Petit Canard
Hans Christian
Andersen
44%
Péninsule principaleJutland
35%
Branche chrétienne la plus pratiquéeLuthéranisme
33%
Deuxième plus grande villeAarhus
29%
Marque de bière la plus célèbreCarlsberg
28%
Ce que la reine Margrethe II a fait en 2024Abdiquer
22%
Parc d'attractions ouvert en 1843Jardins de {Tivoli}
18%
Quartier hippie de la capitale qui
avait déclaré son "indépendance"
Christiania
15%
Plus grande île du pays (en Europe)Seeland
14%

Distribution des résultats

Percentile par nombre de réponses

% des personnes avec chaque résultat

Votre développement - résultats

Vous n’avez pas pris ce quiz